<?xml version="1.0" encoding="UTF-8"?>
<record
    xmlns:xsi="http://www.w3.org/2001/XMLSchema-instance"
    xsi:schemaLocation="http://www.loc.gov/MARC21/slim http://www.loc.gov/standards/marcxml/schema/MARC21slim.xsd"
    xmlns="http://www.loc.gov/MARC21/slim">

  <leader>00210nam a22000857a 4500</leader>
  <controlfield tag="001">1257777</controlfield>
  <controlfield tag="005">20260219103153.0</controlfield>
  <datafield tag="245" ind1=" " ind2=" ">
    <subfield code="a">M&#x130;A VE BAZI &#x15E;EKERL&#x130; &#x15E;EYLER</subfield>
    <subfield code="c">B&#x130;RSEN EK&#x130;M &#xD6;ZEN</subfield>
  </datafield>
  <datafield tag="260" ind1=" " ind2=" ">
    <subfield code="b">T&#x130;MA&#x15E; YAYINLARI</subfield>
  </datafield>
  <datafield tag="999" ind1=" " ind2=" ">
    <subfield code="c">1257777</subfield>
    <subfield code="d">1257777</subfield>
  </datafield>
  <datafield tag="952" ind1=" " ind2=" ">
    <subfield code="0">0</subfield>
    <subfield code="1">0</subfield>
    <subfield code="2">ddc</subfield>
    <subfield code="4">0</subfield>
    <subfield code="7">0</subfield>
    <subfield code="a">1027</subfield>
    <subfield code="b">1027</subfield>
    <subfield code="d">2024-02-11</subfield>
    <subfield code="l">1</subfield>
    <subfield code="o">B-2</subfield>
    <subfield code="p">1027378</subfield>
    <subfield code="q">2026-05-12</subfield>
    <subfield code="r">2026-04-27 10:16:59</subfield>
    <subfield code="s">2026-04-27</subfield>
    <subfield code="w">2026-02-19</subfield>
    <subfield code="y">BK</subfield>
  </datafield>
</record>
